Planning for educational reform; financial and social alternatives,

Saved in:
Bibliographic Details
Other Authors: Benson, Charles S. (Charles Scott)
Format: Book
Language:English
Published: New York, Dodd, Mead, 1974.
Subjects:
LEADER 01016nam a2200265 4500
001 c000139879
003 CARM
005 00000000000000.0
008 740604s1974 nyua b 001 0 eng
019 1 |a 515175  |5 LACONCORD2021 
020 |a 0396069371 
035 |a (OCoLC)877014  |5 LACONCORD2021 
043 |a n-us--- 
050 0 0 |a LB2825  |b .P558 
082 0 0 |a 379/.12/0973 
245 0 0 |a Planning for educational reform;  |b financial and social alternatives,  |c by Charles S. Benson [and others] 
260 |a New York,  |b Dodd, Mead,  |c 1974. 
300 |a viii, 150 p.  |b illus.  |c 21 cm. 
504 |a Includes bibliographical references. 
650 0 |a Education  |z United States  |x Finance. 
650 0 |a Educational change  |z United States. 
700 1 |a Benson, Charles S.  |q (Charles Scott) 
852 8 |b CARM  |h A2:AH31A0  |i B03738  |p 0180748  |f BK 
999 f f |i 7284d16a-e54a-5c17-bc69-7a1d8ded4ad9  |s 51ae6fd8-3bfd-5a5d-89a7-c069af1ed8c1 
952 f f |p Can circulate  |a CAVAL  |b CAVAL  |c CAVAL  |d CARM 1 Store  |e B03738  |f A2:AH31A0  |h Other scheme  |i book  |m 0180748